00950njm a2200253Ia 450000100060000000300090000600500170001500800410003204000130007304000130008610000270009910000180012610000380014424500240018225000110020626000130021726000360023030000100026630000290027650000350030550502510034051100570059165000480064827214IT-RoPAU20220918181213.0131025s9999 xx 000 0 und d aIT-RoPAU cIT-RoPAU aCajkovskij Petr Llijch eAutore musica gCodice autore musica SPICS: 10808 aTchaikovsky Waltzes a2a ed. aNEW YORK bRCA RECORDSc1976 [1a Ed.:1974] aDISCO c47 minuti (Testo: pag.) aMusica classica. Valzer. Danza aEugen Onegin: Waltz - The Sleeping Beauty: Act.I, Waltz - Swan Lake: Act I, Waltz - Nutcracker: Act I, Winter Scene-Dance of the Snowflakes - Nutcracker: Act II, Waltz of the Flowers - Final Waltz and Apotheosis - Symphony n. 5 in e minor, op. 64 aThe Philadelphia Orchestra diretta da Ormandy Eugene aVALZER [DISCHI]eCodice MATERIA SPICS: 9950